000 01577cad a22002415a 4500
001 E147888
008 090626s2009 xxk 000 0 eng u
035 _a(Sirsi) u147888
041 0 _aeng
100 1 _aCookson, Simon T.
245 0 0 _aReal estate 2009
_h[electronic resource]
260 _a[S.l.]
_bICLGS
_c2009
490 0 _aInternational Comparative Legal Guide Series
505 1 _aCash but no credit, confidence or valuations, real estate markets stalled -- Middle East real estate: a comparative review -- Abu Dhabi -- Albania -- Argentina -- Australia -- Austria -- Belgium -- Brazil -- Bulgaria -- Canada -- Chile -- Colombia -- Costa Rica -- Croatia -- Cyprus -- Dubai -- El Salvador -- England and Wales -- Finland -- France -- Germany -- Greece -- Guatamala -- Honduras -- Hungary -- Iceland -- India -- Indonesia -- Ireland -- Italy -- Japan -- Latvia -- Lithuania -- Luxembourg -- Malta -- Mexico -- Montenegro -- New Zealand -- Nicaragua -- Nigeria -- Norway -- Romania -- Russia -- Serbia -- Slovenia -- South Africa -- Spain -- Sweden -- Switzerland -- Ukraine -- USA
520 _aExamines the current state of real estate markets and looks at real estate in the Middle East. Goes on to focus on policies from 50 different political entities in the 'country chapters'.
590 _aKA
651 4 _aInternational
690 _aPROPERTY
700 1 _aMohammed, Abdul-Haq
700 1 _aGreatrex, Peter
856 4 0 _uhttps://www.iclg.co.uk/index.php?area=4&kh_publications_id=95
_zView the item free of charge at www.iclg.co.uk/...
942 _n0
999 _c109764
_d109764